Monaco : Report on the Observance of Standards and Codes; FATF Recommendations for Anti-Money Laundering and Combating the Financing of Terrorism.

This report provides a summary of the Anti-Money Laundering and Combating the Financing of Terrorism (AML/CFT) measures in place in the Principality of Monaco. The Principality has a satisfactory legal framework to combat money laundering and terrorist financing though, in general, the legal provisi...

Descrición completa

Detalles Bibliográficos
Autor Corporativo: International Monetary Fund
Formato: Revista
Idioma:English
Publicado: Washington, D.C. : International Monetary Fund, 2008.
Series:IMF Staff Country Reports; Country Report ; No. 2008/224
Acceso en liña:Full text available on IMF
LEADER 01700cas a2200241 a 4500
001 AALejournalIMF005231
008 230101c9999 xx r poo 0 0eng d
020 |c 5.00 USD 
020 |z 9781451824896 
022 |a 1934-7685 
040 |a BD-DhAAL  |c BD-DhAAL 
110 2 |a International Monetary Fund. 
245 1 0 |a Monaco :   |b Report on the Observance of Standards and Codes; FATF Recommendations for Anti-Money Laundering and Combating the Financing of Terrorism. 
264 1 |a Washington, D.C. :  |b International Monetary Fund,  |c 2008. 
300 |a 1 online resource (34 pages) 
490 1 |a IMF Staff Country Reports 
500 |a <strong>Off-Campus Access:</strong> No User ID or Password Required 
500 |a <strong>On-Campus Access:</strong> No User ID or Password Required 
506 |a Electronic access restricted to authorized BRAC University faculty, staff and students 
520 3 |a This report provides a summary of the Anti-Money Laundering and Combating the Financing of Terrorism (AML/CFT) measures in place in the Principality of Monaco. The Principality has a satisfactory legal framework to combat money laundering and terrorist financing though, in general, the legal provisions are not detailed or otherwise supplemented by detailed secondary legislation and instructions. The 2003 money laundering offence's restrictive terms hindered prosecutions, and thus the results in terms of convictions for money laundering remained disappointing. 
538 |a Mode of access: Internet 
830 0 |a IMF Staff Country Reports; Country Report ;  |v No. 2008/224 
856 4 0 |z Full text available on IMF  |u http://elibrary.imf.org/view/journals/002/2008/224/002.2008.issue-224-en.xml  |z IMF e-Library